000 00562nam a2200217Ia 4500
003 OSt
005 20230403095344.0
008 210423s2008 xx 000 0 und d
020 _a9780324648539
040 _cAL
041 _aeng
082 _a658.1511 MOWM
_223
100 _aMOWEN (Maryanne M);HANSEN (Don R).
_982153
245 _aCornerstones of managerial accounting.
250 _a2
260 _aAustralia
_bThomson
_c2008
300 _axv,772
_bPB
365 _b595
_cINR
906 _aaccounting. ; Cornerstones ; managerial
942 _2ddc
_cBK
999 _c158532
_d158532